[Event "2nd GMA World Cup prel  #2"]
[Site "Moscow URS"]
[Date "1989.??.??"]
[Round "4"]
[White "Eingorn, Viacheslav"]
[Black "Titov, German"]
[Result "1-0"]
[WhiteElo "2570"]
[BlackElo "2390"]
[EventDate "1989.05.??"]
[PlyCount "81"]

1.d4 d6 2.Nf3 g6 3.c4 Bg7 4.Nc3 Nd7 5.e4 e5 6.Be2 Ngf6 7.O-O O-O 8.Qc2 Re8
9.d5 Nh5 10.g3 Bf8 11.Ng5 Be7 12.Qd2 Ng7 13.f4 exf4 14.Qxf4 Bxg5 15.Qxg5 
Qxg5 16.Bxg5 Nc5 17.Bf3 Bh3 18.Rfe1 Nd3 19.Re3 Ne5 20.Be2 Ng4 21.Bxg4 Bxg4
22.Kg2 Bd7 23.Rae1 f5 24.b4 a5 25.b5 Kf7 26.e5 dxe5 27.Rxe5 Rxe5 28.Rxe5 
Re8 29.Rxe8 Nxe8 30.c5 Nf6 31.c6 Bc8 32.Bf4 Ne8 33.Kf2 Ke7 34.Ke3 Nd6 35.
Kd4 Ne8 36.Kc5 Kf6 37.h4 b6+ 38.Kd4 Ke7 39.d6+ cxd6 40.Nd5+ Kf7 41.Nxb6 
1-0

[Event "2nd GMA World Cup prel  #2"]
[Site "Moscow URS"]
[Date "1989.??.??"]
[Round "4"]
[White "Malaniuk, Vladimir"]
[Black "Tseitlin, Mark"]
[Result "1/2-1/2"]
[WhiteElo "2520"]
[BlackElo "2430"]
[EventDate "1989.05.??"]
[PlyCount "100"]

1.d4 Nf6 2.Nf3 g6 3.Bg5 Bg7 4.Nbd2 O-O 5.c3 b6 6.e4 d5 7.e5 Ne4 8.Be3 c5 
9.Be2 Bb7 10.O-O Nc6 11.Ne1 Qc7 12.Nb3 a5 13.f3 cxd4 14.cxd4 a4 15.Nc1 a3 
16.Qc2 Nc5 17.b3 Rac8 18.Qd2 Ne6 19.f4 g5 20.g3 f6 21.Bg4 f5 22.Bf3 Na7 
23.Ne2 g4 24.Bg2 Nb5 25.Rc1 Qd7 26.Nc2 Nec7 27.Nb4 e6 28.Rc2 Na6 29.Rfc1 
Rxc2 30.Rxc2 Rc8 31.Nxa6 Bxa6 32.Bf1 Bf8 33.Qc1 Rxc2 34.Qxc2 Na7 35.Nc1 
Bxf1 36.Kxf1 Qb5+ 37.Kf2 Nc6 38.Nd3 Kf7 39.Qc3 Ke8 40.Bd2 Kd7 41.Ke3 Be7 
42.Qc1 h5 43.Qg1 Kc7 44.h4 Qa6 45.Qe1 Qa7 46.Bc3 b5 47.Qd2 Qb6 48.Nb4 Kb7 
49.Nxc6 Qxc6 50.Ba5 Ka6 1/2-1/2

[Event "2nd GMA World Cup prel  #2"]
[Site "Moscow URS"]
[Date "1989.??.??"]
[Round "4"]
[White "Klaric, Zlatko"]
[Black "Malisauskas, Vidmantas"]
[Result "0-1"]
[WhiteElo "2445"]
[BlackElo "2500"]
[EventDate "1989.05.??"]
[PlyCount "67"]

1.d4 Nf6 2.Nf3 g6 3.g3 Bg7 4.Bg2 O-O 5.O-O d5 6.c3 Na6 7.Bf4 c5 8.Be5 b6 
9.a4 Bb7 10.Na3 Qd7 11.Nb5 Rfc8 12.Qb3 Bc6 13.Rfd1 c4 14.Qa2 Nb8 15.Bxb8 
Rcxb8 16.Ne5 Qc8 17.b3 cxb3 18.Qxb3 Bb7 19.e4 a6 20.exd5 axb5 21.axb5 Rxa1
22.Rxa1 Ne8 23.Re1 Nd6 24.Bf1 Nf5 25.Bd3 Bxe5 26.Rxe5 Qd7 27.Bxf5 gxf5 28.
c4 Rc8 29.Qd3 f6 30.Rxf5 Rxc4 31.Qxc4 Qxf5 32.d6+ Bd5 33.Qc1 exd6 34.Qc8+ 
0-1

[Event "2nd GMA World Cup prel  #2"]
[Site "Moscow URS"]
[Date "1989.??.??"]
[Round "4"]
[White "Westerinen, Heikki"]
[Black "Cvitan, Ognjen"]
[Result "0-1"]
[WhiteElo "2400"]
[BlackElo "2525"]
[EventDate "1989.05.??"]
[PlyCount "58"]

1.e4 c5 2.Nf3 e6 3.d4 cxd4 4.Nxd4 Nf6 5.Nc3 d6 6.Bd3 a6 7.O-O b5 8.f4 Bb7 
9.Qf3 Nbd7 10.Bd2 Nc5 11.Rae1 Be7 12.a3 O-O 13.Qh3 Rc8 14.Kh1 Nfd7 15.Be2 
Bf6 16.Be3 g6 17.Bf3 e5 18.fxe5 Nxe5 19.Rd1 Nc4 20.Bc1 Re8 21.Bg4 Rc7 22.
Nd5 Bxd5 23.exd5 Bxd4 24.Rxd4 f5 25.Bxf5 Rf7 26.Qg3 Kh8 27.Bg5 Qd7 28.Bd3 
Nxd3 29.Qxd3 Nxb2 0-1

[Event "2nd GMA World Cup prel  #2"]
[Site "Moscow URS"]
[Date "1989.??.??"]
[Round "4"]
[White "Zaichik, Gennadi"]
[Black "Savon, Vladimir"]
[Result "1/2-1/2"]
[WhiteElo "2500"]
[BlackElo "2425"]
[EventDate "1989.05.??"]
[PlyCount "92"]

1.c4 e5 2.Nc3 Nf6 3.Nf3 Nc6 4.g3 Bb4 5.Bg2 O-O 6.O-O Re8 7.Nd5 Bf8 8.d3 
Nxd5 9.cxd5 Nd4 10.Nxd4 exd4 11.e3 dxe3 12.Bxe3 c5 13.d4 d6 14.dxc5 dxc5 
15.Rc1 b6 16.d6 Rb8 17.Bf4 Bd7 18.Qd2 a5 19.Rfe1 Qf6 20.Bg5 Rxe1+ 21.Rxe1 
Qd4 22.Qxd4 cxd4 23.Re4 Re8 24.Rxe8 Bxe8 25.Bd8 b5 26.Bc7 Bd7 27.Kf1 g5 
28.Ke2 a4 29.Kd3 Bg7 30.f4 gxf4 31.gxf4 Bh6 32.Ke4 Bc6+ 33.Kd3 Bd7 34.Ke4 
Bc6+ 35.Kxd4 Bg7+ 36.Kc5 Bxg2 37.d7 Bf6 38.Kxb5 Bd5 39.d8=Q+ Bxd8 40.Bxd8 
Bxa2 41.Kxa4 Kf8 42.b4 Ke8 43.Bg5 Bc4 44.b5 Kd7 45.Kb4 Bd3 46.Kc5 Be2 
1/2-1/2

[Event "2nd GMA World Cup prel  #2"]
[Site "Moscow URS"]
[Date "1989.??.??"]
[Round "4"]
[White "Szekely, Peter"]
[Black "Lein, Anatoly"]
[Result "1/2-1/2"]
[WhiteElo "2420"]
[BlackElo "2485"]
[EventDate "1989.05.??"]
[PlyCount "39"]

1.Nf3 d5 2.c4 e6 3.g3 Nf6 4.Bg2 dxc4 5.Qa4+ Nbd7 6.Qxc4 c5 7.O-O a6 8.Qb3 
Rb8 9.d3 Bd6 10.a4 b6 11.Na3 Bb7 12.Nc4 Bc7 13.Bd2 O-O 14.Rfc1 Re8 15.Qd1 
Nd5 16.d4 h6 17.Be1 N5f6 18.Na3 Bd6 19.Nc4 Bc7 20.Ne3 1/2-1/2

[Event "2nd GMA World Cup prel  #2"]
[Site "Moscow URS"]
[Date "1989.??.??"]
[Round "4"]
[White "Spiridonov, Nikola"]
[Black "Sunye Neto, Jaime"]
[Result "1-0"]
[WhiteElo "2390"]
[BlackElo "2510"]
[EventDate "1989.05.??"]
[PlyCount "99"]

1.Nf3 Nf6 2.c4 e6 3.g3 d5 4.Bg2 Be7 5.O-O O-O 6.d4 c6 7.Nc3 b6 8.Ne5 Ba6 
9.cxd5 cxd5 10.Bf4 b5 11.Rc1 Qa5 12.a3 b4 13.axb4 Qxb4 14.Re1 Bb7 15.Nd3 
Qb6 16.Na4 Qb5 17.Nac5 Na6 18.b4 Rfc8 19.Ra1 Nc7 20.Ra5 Qb6 21.Nxb7 Qxb7 
22.Qa4 a6 23.Bxc7 Rxc7 24.b5 Qb6 25.Rxa6 Rxa6 26.bxa6 Ra7 27.Ra1 Bd6 28.e3
g5 29.h3 Kg7 30.Bf1 Ne4 31.Ne5 Bxe5 32.dxe5 Qb2 33.Ra2 Qxe5 34.Qd4 Qxd4 
35.exd4 Nd6 36.Bd3 Nc4 37.Bxc4 dxc4 38.Kf1 Kf8 39.Ke2 Ke7 40.Kd2 Kd6 41.
Kc3 Kc6 42.Kxc4 Kb6 43.d5 exd5+ 44.Kxd5 Rd7+ 45.Ke5 Ka7 46.Kf6 h6 47.Kg7 
h5 48.Kh6 g4 49.h4 Rd5 50.Ra4 1-0

[Event "2nd GMA World Cup prel  #2"]
[Site "Moscow URS"]
[Date "1989.??.??"]
[Round "4"]
[White "Lukov, Valentin"]
[Black "Shabalov, Alexander"]
[Result "0-1"]
[WhiteElo "2470"]
[BlackElo "2425"]
[EventDate "1989.05.??"]
[PlyCount "80"]

1.Nf3 d5 2.g3 Bg4 3.Bg2 Nd7 4.c4 e6 5.Nc3 c6 6.cxd5 exd5 7.O-O Ngf6 8.d3 
Bc5 9.h3 Bh5 10.g4 Bg6 11.e4 dxe4 12.dxe4 O-O 13.Re1 Bb4 14.Bg5 Bxc3 15.
bxc3 Qa5 16.Qd4 Rfe8 17.e5 Nd5 18.Bd2 N5b6 19.Qb4 Qc5 20.a4 a5 21.Qb2 Nc4 
22.Qxb7 Nxd2 23.Qxd7 Rad8 24.Qc7 Rc8 25.Qd6 Nxf3+ 26.Bxf3 Qxc3 27.Bg2 Red8
28.Qe7 Qb4 29.Qg5 c5 30.e6 fxe6 31.Rxe6 Qd4 32.Qe5 c4 33.Qxd4 Rxd4 34.Rc1 
c3 35.Kf1 c2 36.Bf3 Rxa4 37.h4 Rb4 38.Bd5 Kf8 39.Ke2 Rb1 40.Kd2 Rd8 0-1

[Event "2nd GMA World Cup prel  #2"]
[Site "Moscow URS"]
[Date "1989.??.??"]
[Round "4"]
[White "Zaitsev, Igor"]
[Black "Huzman, Alexander"]
[Result "1/2-1/2"]
[WhiteElo "2390"]
[BlackElo "2480"]
[EventDate "1989.05.??"]
[PlyCount "88"]

1.e4 e6 2.d4 d5 3.Nc3 Nf6 4.e5 Nfd7 5.f4 c5 6.Nf3 Nc6 7.Be3 cxd4 8.Nxd4 
Bc5 9.Qd2 a6 10.Be2 Bxd4 11.Bxd4 b5 12.Bf2 O-O 13.O-O Qc7 14.Rae1 b4 15.
Nd1 a5 16.Bd3 Ba6 17.Re3 Bxd3 18.cxd3 d4 19.Rh3 b3 20.axb3 f5 21.exf6 Nxf6
22.Qe2 Qd7 23.Be1 Rab8 24.Rhf3 Nd5 25.Qe4 g6 26.Bh4 Rxb3 27.Re1 Ncb4 28.
Bf2 Nc2 29.Re2 Rc8 30.Bxd4 Rb4 31.Rxc2 Rxc2 32.Qe5 Rxd4 33.Qxd4 Qb7 34.h3 
Rd2 35.Qa4 Qc7 36.Nf2 Rxb2 37.Ne4 Rb8 38.Ng5 Rf8 39.Qe4 Nxf4 40.d4 Qc1+ 
41.Kh2 Qd2 42.Rg3 Qb4 43.Nxe6 Qe7 44.d5 Rf6 1/2-1/2

[Event "2nd GMA World Cup prel  #2"]
[Site "Moscow URS"]
[Date "1989.??.??"]
[Round "4"]
[White "Minasian, Artashes"]
[Black "Gheorghiu, Florin"]
[Result "1-0"]
[WhiteElo "2345"]
[BlackElo "2515"]
[EventDate "1989.05.??"]
[PlyCount "127"]

1.e4 c5 2.Nf3 e6 3.d4 cxd4 4.Nxd4 a6 5.Nc3 Qc7 6.g3 Bb4 7.Ne2 Nf6 8.Bg2 
Be7 9.O-O Nc6 10.h3 O-O 11.f4 b5 12.a3 Bb7 13.g4 d5 14.e5 Ne4 15.Nxe4 dxe4
16.Bxe4 Rad8 17.Qe1 Nd4 18.Nxd4 Rxd4 19.Bxb7 Qxb7 20.Be3 Re4 21.Qf2 Rc8 
22.Rad1 h5 23.c3 hxg4 24.hxg4 g5 25.Qg2 Qc6 26.Bd4 Rxf4 27.Rxf4 gxf4 28.
Qxc6 Rxc6 29.Kg2 Kg7 30.Kf3 Bg5 31.a4 Rc8 32.Ra1 Rd8 33.axb5 axb5 34.Ke4 
Kg6 35.Ra5 Rb8 36.Ra6 Kg7 37.Rb6 Rxb6 38.Bxb6 Kf8 39.Bf2 Ke8 40.Be1 f3 41.
Kxf3 Kd7 42.Ke4 Kc6 43.b3 Bh6 44.Bh4 Bd2 45.Kd4 Bc1 46.Be7 Bb2 47.Kd3 Bc1 
48.c4 Bb2 49.cxb5+ Kxb5 50.Ke4 Bc3 51.g5 Bd2 52.Kf3 Kc6 53.Kg4 Kd5 54.Bd6 
Bc3 55.b4 Bd4 56.Kf4 Bb6 57.Kf3 Bg1 58.Kg4 Bd4 59.Kh5 Bxe5 60.Bxe5 Kxe5 
61.Kg4 Kd4 62.Kf3 e5 63.Ke2 e4 64.Kd2 1-0

[Event "2nd GMA World Cup prel  #2"]
[Site "Moscow URS"]
[Date "1989.??.??"]
[Round "4"]
[White "Geller, Efim"]
[Black "Spasov, Luben"]
[Result "1/2-1/2"]
[WhiteElo "2480"]
[BlackElo "2375"]
[EventDate "1989.05.??"]
[PlyCount "55"]

1.e4 c5 2.Nf3 e6 3.d4 cxd4 4.Nxd4 a6 5.Bd3 Bc5 6.Nb3 Ba7 7.O-O Ne7 8.Bf4 
d6 9.Bxd6 Nbc6 10.Bg3 e5 11.Nc3 h5 12.h3 h4 13.Bh2 Be6 14.Be2 f6 15.Kh1 g5
16.Bh5+ Kf8 17.Qf3 Kg7 18.Rad1 Qf8 19.Nd5 Rd8 20.c3 Nxd5 21.exd5 Bxd5 22.
Rxd5 Rxd5 23.Qxd5 Rxh5 24.f4 exf4 25.Rxf4 Qf7 26.Qxf7+ Kxf7 27.Rf1 Rh8 28.
Bg1 1/2-1/2

[Event "2nd GMA World Cup prel  #2"]
[Site "Moscow URS"]
[Date "1989.??.??"]
[Round "4"]
[White "Nikolic, Stanimir"]
[Black "Chiburdanidze, Maia"]
[Result "1/2-1/2"]
[WhiteElo "2320"]
[BlackElo "2520"]
[EventDate "1989.05.??"]
[PlyCount "65"]

1.d4 Nf6 2.Nf3 d6 3.Nc3 g6 4.e4 Bg7 5.h3 O-O 6.Be3 c6 7.Bd3 Nbd7 8.O-O e5 
9.Qd2 Re8 10.Rfe1 Nf8 11.Rad1 b5 12.a3 exd4 13.Nxd4 c5 14.Nf3 a6 15.Bg5 
Bb7 16.Bf1 Qc7 17.Qf4 Ne6 18.Qxd6 Qxd6 19.Rxd6 Nxg5 20.Nxg5 h6 21.Rb6 Ra7 
22.Nf3 Ba8 23.a4 b4 24.Nd1 Bxe4 25.c3 Bc2 26.Rxe8+ Nxe8 27.Ne3 Bxa4 28.
cxb4 cxb4 29.Rxb4 Bd7 30.Rb8 Kh7 31.Nc4 Bb5 32.Nce5 Nd6 33.b3 1/2-1/2

[Event "2nd GMA World Cup prel  #2"]
[Site "Moscow URS"]
[Date "1989.??.??"]
[Round "4"]
[White "Fishbein, Alexander"]
[Black "Veroci-Petronic, Zsuzsa"]
[Result "0-1"]
[WhiteElo "2490"]
[BlackElo "2335"]
[EventDate "1989.05.??"]
[PlyCount "82"]

1.e4 e5 2.Nf3 Nc6 3.Bb5 a6 4.Ba4 Nf6 5.O-O Be7 6.Bxc6 dxc6 7.Re1 Bg4 8.h3 
Bh5 9.g4 Nxg4 10.hxg4 Bxg4 11.d4 exd4 12.Qd3 c5 13.Ne5 Be6 14.f4 f6 15.Nf3
Qd6 16.c4 O-O-O 17.Kf2 g5 18.f5 Bd7 19.Nbd2 Rdf8 20.Nf1 h5 21.Ke2 Be8 22.
Kd2 h4 23.N1h2 g4 24.e5 fxe5 25.Nxg4 h3 26.Nfh2 Bf6 27.Kc2 Bc6 28.Rg1 e4 
29.Qg3 d3+ 30.Kd2 Bg5+ 31.Kd1 d2 32.Qxd6 dxc1=Q+ 33.Rxc1 cxd6 34.Rc3 Rxf5 
35.Ke2 Be7 36.Rgg3 Rfh5 37.Nf2 Bf6 38.Rb3 Be5 39.Rxh3 Bxh2 40.Rbe3 Rxh3 
41.Nxh3 Be5 0-1

[Event "2nd GMA World Cup prel  #2"]
[Site "Moscow URS"]
[Date "1989.??.??"]
[Round "4"]
[White "Gurevich, Dmitry"]
[Black "Iailian, Mikhail"]
[Result "1-0"]
[WhiteElo "2480"]
[BlackElo "2325"]
[EventDate "1989.05.??"]
[PlyCount "107"]

1.d4 Nf6 2.c4 e6 3.g3 c6 4.Bg2 d5 5.Qc2 Bb4+ 6.Nd2 O-O 7.Nf3 b6 8.O-O Ba6 
9.b3 Nbd7 10.a3 Be7 11.e4 Nxe4 12.Nxe4 dxe4 13.Qxe4 Rc8 14.Bf4 Bb7 15.b4 
Re8 16.h4 Ba8 17.Qc2 Bf6 18.Rad1 Nf8 19.Qa4 Qe7 20.c5 Qb7 21.Nd2 Ng6 22.
Be3 Bd8 23.Qc2 Qd7 24.Ne4 Bc7 25.Ng5 f5 26.Qa2 h6 27.h5 hxg5 28.hxg6 Qe7 
29.Qd2 Bd8 30.Qe2 g4 31.Bf4 Qf6 32.Qa6 Be7 33.Qxa7 b5 34.Rfe1 Qxg6 35.a4 
bxa4 36.Qxa4 Bf6 37.Be5 Bg5 38.Bf1 Kf7 39.Bd6 Kg8 40.Bc4 Qh6 41.Rxe6 Rxe6 
42.Re1 Kh8 43.Rxe6 Bf6 44.Bf4 Qg6 45.Be5 f4 46.gxf4 Qb1+ 47.Kh2 Qh7+ 48.
Kg1 Qb1+ 49.Bf1 Bb7 50.Qa3 Ra8 51.Qd3 Qe1 52.Rxf6 gxf6 53.Bxf6+ Kg8 54.Be5
1-0

[Event "2nd GMA World Cup prel  #2"]
[Site "Moscow URS"]
[Date "1989.??.??"]
[Round "4"]
[White "Kochiev, Alexander"]
[Black "Galliamova, Alisa"]
[Result "1-0"]
[WhiteElo "2475"]
[BlackElo "2325"]
[EventDate "1989.05.??"]
[PlyCount "85"]

1.d4 Nf6 2.Nf3 e6 3.g3 d5 4.Bg2 c5 5.O-O Nc6 6.c4 dxc4 7.Qa4 cxd4 8.Nxd4 
Qxd4 9.Bxc6+ Bd7 10.Rd1 Bxc6 11.Qxc6+ bxc6 12.Rxd4 Rd8 13.Rxc4 Rd1+ 14.Kg2
Kd7 15.Nc3 Re1 16.b3 Be7 17.Bb2 Rxa1 18.Bxa1 Kc7 19.Na4 Rd8 20.Bd4 Kb7 21.
Kf3 Ne8 22.e3 Nd6 23.Rc2 Nf5 24.Bc5 Bxc5 25.Nxc5+ Kc7 26.Ke2 a5 27.g4 Ne7 
28.Nd3 Nd5 29.Rc4 f6 30.e4 Nb6 31.Rc5 a4 32.b4 Rd4 33.f3 Rc4 34.Rxc4 Nxc4 
35.Nc5 Kd6 36.Nxa4 Ke5 37.Nc5 Na3 38.Kd3 g5 39.Nd7+ Kf4 40.Nxf6 Kxf3 41.
Kd4 Kf4 42.Kc5 h6 43.Kxc6 1-0

[Event "2nd GMA World Cup prel  #2"]
[Site "Moscow URS"]
[Date "1989.??.??"]
[Round "4"]
[White "Panchenko, Alexander"]
[Black "Prins, Lodewijk"]
[Result "1/2-1/2"]
[WhiteElo "2465"]
[BlackElo "2265"]
[EventDate "1989.05.??"]
[PlyCount "47"]

1.e4 e6 2.d4 d5 3.Nd2 a6 4.Ngf3 Nf6 5.exd5 exd5 6.Bd3 Nc6 7.O-O Nb4 8.Be2 
Bd6 9.c3 Nc6 10.Bd3 O-O 11.Re1 Re8 12.Rxe8+ Qxe8 13.Qe2 Qxe2 14.Bxe2 Bf5 
15.Nf1 h6 16.h3 Re8 17.Be3 Bh7 18.Re1 Ne7 19.Bc1 Ng6 20.g3 Nf8 21.Bd1 Rxe1
22.Nxe1 N8d7 23.Bc2 Bxc2 24.Nxc2 1/2-1/2

[Event "2nd GMA World Cup prel  #2"]
[Site "Moscow URS"]
[Date "1989.??.??"]
[Round "4"]
[White "Vreeken, Corry"]
[Black "Shirov, Alexei"]
[Result "0-1"]
[WhiteElo "2165"]
[BlackElo "2450"]
[EventDate "1989.05.??"]
[PlyCount "82"]

1.e4 c5 2.Nf3 d6 3.d4 cxd4 4.Qxd4 Nc6 5.Bb5 Bd7 6.Qd3 g6 7.Nc3 Bg7 8.O-O 
Nf6 9.Bg5 O-O 10.Rad1 Qa5 11.Bxc6 Bxc6 12.Rfe1 Rfe8 13.Qd2 Ng4 14.Nd5 Qxd2
15.Rxd2 Bxd5 16.exd5 Bxb2 17.Rb1 Bf6 18.Rxb7 Rab8 19.Rb3 Rb6 20.h3 Bxg5 
21.Nxg5 Nf6 22.f3 Rc8 23.Ra3 Rc7 24.Ne4 Kg7 25.Nxf6 Kxf6 26.Kf2 Rb2 27.Ke3
Rcxc2 28.Rxc2 Rxc2 29.g3 Rc7 30.f4 h5 31.Ra6 g5 32.fxg5+ Kxg5 33.Rc6 Rb7 
34.Rc4 a5 35.h4+ Kf5 36.Rf4+ Kg6 37.Ra4 Rb5 38.Re4 Rxd5 39.Rxe7 Re5+ 40.
Rxe5 dxe5 41.Ke4 Kf6 0-1

[Event "2nd GMA World Cup prel  #2"]
[Site "Moscow URS"]
[Date "1989.??.??"]
[Round "4"]
[White "Farago, Ivan"]
[Black "Heemskerk, Fenny"]
[Result "1-0"]
[WhiteElo "2495"]
[BlackElo "2025"]
[EventDate "1989.05.??"]
[PlyCount "27"]

1.d4 Nf6 2.c4 e6 3.Nf3 b6 4.Nc3 Bb7 5.a3 a5 6.d5 Be7 7.e4 d6 8.Nd4 Qd7 9.
Bd3 Na6 10.c5 exd5 11.c6 Bxc6 12.Nxc6 dxe4 13.Bxa6 Rxa6 14.Nb8 1-0

[Event "2nd GMA World Cup prel  #2"]
[Site "Moscow URS"]
[Date "1989.??.??"]
[Round "5"]
[White "Tukmakov, Vladimir"]
[Black "Vaiser, Anatoly"]
[Result "1/2-1/2"]
[WhiteElo "2590"]
[BlackElo "2525"]
[EventDate "1989.05.??"]
[PlyCount "87"]

1.d4 e6 2.c4 f5 3.Nf3 Nf6 4.Qc2 b6 5.g3 Bb7 6.Bg2 Bb4+ 7.Bd2 Bxd2+ 8.Nbxd2
O-O 9.O-O Qe7 10.Rad1 d6 11.Ne1 Bxg2 12.Nxg2 Nbd7 13.e4 fxe4 14.Nxe4 e5 
15.Rfe1 Nxe4 16.Rxe4 Qf7 17.Qe2 Nf6 18.Rh4 g5 19.Rh3 exd4 20.Rxd4 Qd7 21.
g4 c5 22.Rdd3 Nxg4 23.Rhg3 Nf6 24.Rxg5+ Kh8 25.b3 Rg8 26.Qd2 Ne4 27.Qb2+ 
Rg7 28.Rxg7 Qxg7 29.Qxg7+ Kxg7 30.Re3 Re8 31.f3 Nf6 32.Kf2 Rxe3 33.Nxe3 
Kf7 34.Ng4 Nd7 35.Ne3 Nf6 36.Ng4 Nd7 37.Ke3 Ke6 38.Ke4 h5 39.Ne3 Nf6+ 40.
Kf4 d5 41.h4 d4 42.Ng2 Nd7 43.Ke4 Nf6+ 44.Kf4 1/2-1/2

[Event "2nd GMA World Cup prel  #2"]
[Site "Moscow URS"]
[Date "1989.??.??"]
[Round "5"]
[White "Lputian, Smbat"]
[Black "Zaichik, Gennadi"]
[Result "1/2-1/2"]
[WhiteElo "2610"]
[BlackElo "2500"]
[EventDate "1989.05.??"]
[PlyCount "111"]

1.d4 Nf6 2.c4 e6 3.Nc3 Bb4 4.Qc2 c5 5.dxc5 Na6 6.a3 Bxc3+ 7.Qxc3 Nxc5 8.b4
Nce4 9.Qb2 d5 10.c5 h6 11.f3 Ng5 12.Bf4 Nh5 13.Bd6 f5 14.e3 Nf7 15.Bb5+ 
Bd7 16.Bxd7+ Qxd7 17.Be5 O-O 18.Ne2 Qb5 19.Bd4 Rae8 20.f4 Nd8 21.a4 Qd7 
22.b5 Nf6 23.O-O Ne4 24.Nc3 e5 25.Bxe5 Nxc5 26.Rfd1 Nde6 27.Nxd5 Qc8 28.a5
Rf7 29.b6 axb6 30.axb6 Rd8 31.Nc7 Rfd7 32.Rdc1 Rd2 33.Qb5 Qd7 34.Qxd7 
R8xd7 35.Ra8+ Kf7 36.Nxe6 Nxe6 37.Rb8 Re2 38.Bc3 Rxe3 39.Kf2 Re4 40.Be5 
Rd2+ 41.Kf3 Rb4 42.Ke3 Rxg2 43.Rxb7+ Kg8 44.Rb8+ Kh7 45.b7 Rxh2 46.Re8 
Nxf4 47.Bxf4 Rh3+ 48.Kf2 Rxb7 49.Be5 Rh4 50.Rc5 Rf7 51.Rc6 Re4 52.Rce6 Ra4
53.R8e7 Rxe7 54.Rxe7 Rg4 55.Rf7 Kg8 56.Rxf5 1/2-1/2

[Event "2nd GMA World Cup prel  #2"]
[Site "Moscow URS"]
[Date "1989.??.??"]
[Round "5"]
[White "Krasenkov, Mikhail"]
[Black "Dolmatov, Sergei"]
[Result "0-1"]
[WhiteElo "2525"]
[BlackElo "2580"]
[EventDate "1989.05.??"]
[PlyCount "86"]

1.d4 f5 2.Nc3 Nf6 3.Bg5 d5 4.Bxf6 exf6 5.e3 Be6 6.Nge2 Qd7 7.Nf4 Bf7 8.h4 
h5 9.Qd2 g6 10.O-O-O Nc6 11.Kb1 a6 12.f3 O-O-O 13.g3 Kb8 14.Bh3 g5 15.Nd3 
Bd6 16.Qf2 Ne7 17.Ne2 Rde8 18.hxg5 fxg5 19.f4 g4 20.Bg2 Ng8 21.Ne5 Qe7 22.
Rh2 Nf6 23.Qe1 Rh6 24.Qd2 Reh8 25.Rdh1 Be8 26.b3 Bf7 27.Ka1 Be6 28.c4 Ne4 
29.Bxe4 dxe4 30.c5 Bxe5 31.fxe5 h4 32.gxh4 Rxh4 33.Nf4 g3 34.Rxh4 Rxh4 35.
Rg1 Rh2 36.Qe1 Qd7 37.Qd1 Qb5 38.Rg2 Rxg2 39.Nxg2 Qd3 40.Qh1 Qc2 41.Nf4 g2
42.Nxg2 a5 43.Nf4 a4 0-1

[Event "2nd GMA World Cup prel  #2"]
[Site "Moscow URS"]
[Date "1989.??.??"]
[Round "5"]
[White "Smejkal, Jan"]
[Black "Chernin, Alexander"]
[Result "1/2-1/2"]
[WhiteElo "2515"]
[BlackElo "2580"]
[EventDate "1989.05.??"]
[PlyCount "55"]

1.c4 Nf6 2.Nc3 e6 3.Nf3 d5 4.d4 dxc4 5.e3 a6 6.a4 c5 7.Bxc4 Nc6 8.O-O Be7 
9.dxc5 Qxd1 10.Rxd1 Bxc5 11.Bd2 Na5 12.Ba2 b6 13.Ne2 Nc6 14.a5 Bb7 15.Rdc1
Nd7 16.Ned4 Nxd4 17.Nxd4 b5 18.Nc2 Ke7 19.Bb4 Rac8 20.f3 Ne5 21.Bxc5+ Rxc5
22.Nb4 Rhc8 23.Rxc5 Rxc5 24.Bb3 Nc4 25.Rc1 Kd6 26.Rd1+ Ke7 27.Rc1 Kd6 28.
Rd1+ 1/2-1/2

[Event "2nd GMA World Cup prel  #2"]
[Site "Moscow URS"]
[Date "1989.??.??"]
[Round "5"]
[White "Miles, Anthony John"]
[Black "De Firmian, Nick"]
[Result "0-1"]
[WhiteElo "2520"]
[BlackElo "2570"]
[EventDate "1989.05.??"]
[PlyCount "104"]

1.d4 Nf6 2.c4 e6 3.Nc3 c5 4.e3 d5 5.Nf3 Nc6 6.a3 cxd4 7.exd4 Be7 8.c5 Ne4 
9.Qe2 Bf6 10.Nxe4 dxe4 11.Qxe4 Nxd4 12.Nxd4 Qxd4 13.Bb5+ Ke7 14.Qc2 Qe5+ 
15.Be2 Bd7 16.O-O Bc6 17.Rd1 Rhd8 18.Rd6 Qe4 19.Qxe4 Bxe4 20.f3 Bc6 21.
Rxd8 Rxd8 22.Kf2 Bd4+ 23.Be3 Bxb2 24.Rb1 Bd4 25.Bb5 Bxe3+ 26.Kxe3 Kd7 27.
Bd3 Kc7 28.f4 Rd5 29.Bxh7 Rxc5 30.Ra1 Rh5 31.Be4 Rxh2 32.Rc1 Rh5 33.Bxc6 
bxc6 34.Rc4 Ra5 35.a4 Rd5 36.Rb4 Rd1 37.g4 g6 38.g5 Rd5 39.Ke4 a6 40.Rb2 
Ra5 41.Rb4 Rf5 42.Rb2 Rc5 43.Ra2 Kd6 44.Rd2+ Rd5 45.Rb2 e5 46.fxe5+ Rxe5+ 
47.Kf4 Rf5+ 48.Kg4 Kc7 49.Re2 c5 50.Re7+ Kb6 51.Rd7 Ka5 52.Rd6 Kxa4 0-1

[Event "2nd GMA World Cup prel  #2"]
[Site "Moscow URS"]
[Date "1989.??.??"]
[Round "5"]
[White "Dlugy, Maxim"]
[Black "Oll, Lembit"]
[Result "1-0"]
[WhiteElo "2570"]
[BlackElo "2510"]
[EventDate "1989.05.??"]
[PlyCount "61"]

1.c4 c6 2.e4 d5 3.exd5 cxd5 4.d4 Nf6 5.Nc3 Nc6 6.cxd5 Nxd5 7.Nf3 e6 8.Bd3 
Bb4 9.Bd2 O-O 10.O-O Nf6 11.a3 Be7 12.Be3 b6 13.Re1 Bb7 14.Bc2 Na5 15.Ne5 
Rc8 16.Qd3 Qc7 17.Bg5 g6 18.Qh3 Nd5 19.Bh6 Nxc3 20.Bxf8 Bxf8 21.bxc3 Qxc3 
22.Bd3 Qxd4 23.Nxf7 Kxf7 24.Rad1 Qf6 25.Qxh7+ Bg7 26.Bxg6+ Ke7 27.Bf5 Rc6 
28.Re3 Qh6 29.Qg8 Bf8 30.Be4 Rc4 31.Bg6 1-0

[Event "2nd GMA World Cup prel  #2"]
[Site "Moscow URS"]
[Date "1989.??.??"]
[Round "5"]
[White "Dorfman, Iosif"]
[Black "Vasiukov, Evgeny"]
[Result "1-0"]
[WhiteElo "2565"]
[BlackElo "2510"]
[EventDate "1989.05.??"]
[PlyCount "127"]

1.Nf3 Nf6 2.c4 c5 3.Nc3 g6 4.e4 Nc6 5.d4 cxd4 6.Nxd4 d6 7.Be2 Bg7 8.Be3 
O-O 9.O-O Bd7 10.Rc1 a6 11.Nb3 a5 12.Nd2 Nb4 13.f3 Bc6 14.Nb3 a4 15.Nd4 a3
16.b3 Qa5 17.Qd2 Rfc8 18.Rfd1 e6 19.Bf1 Bf8 20.Qf2 Nd7 21.Kh1 Nc5 22.Ndb5 
Bxb5 23.Nxb5 Rc6 24.Bd4 Bg7 25.Bxg7 Kxg7 26.Nxd6 e5 27.Qd2 Kg8 28.Nb5 Rcc8
29.Nc3 Rd8 30.Nd5 Nca6 31.Qc3 Qc5 32.Qxe5 Nxd5 33.cxd5 Qf2 34.Bxa6 Rxa6 
35.Qg5 Rda8 36.d6 h6 37.Qd2 Qh4 38.d7 Rd8 39.Rc8 Kh7 40.Qd5 Re6 41.Rxd8 
Qxd8 42.Qc5 Rc6 43.Qxa3 Rc2 44.Qa7 b6 45.h3 Qg5 46.Rg1 Qd8 47.Qb7 Rd2 48.
Qc8 Qxd7 49.Qxd7 Rxd7 50.Rc1 Rd2 51.Rc6 Rxa2 52.Rxb6 g5 53.Kh2 Rb2 54.b4 
Kg7 55.b5 h5 56.h4 gxh4 57.Kh3 Kh7 58.Rb8 Kg6 59.Kxh4 Kf6 60.Kh3 Rb1 61.
Kh2 Kg7 62.b6 Rb5 63.b7 Kh7 64.e5 1-0

[Event "2nd GMA World Cup prel  #2"]
[Site "Moscow URS"]
[Date "1989.??.??"]
[Round "5"]
[White "Dokhoian, Yury"]
[Black "Malisauskas, Vidmantas"]
[Result "1/2-1/2"]
[WhiteElo "2575"]
[BlackElo "2500"]
[EventDate "1989.05.??"]
[PlyCount "44"]

1.Nf3 c5 2.c4 Nf6 3.g3 g6 4.Bg2 Bg7 5.d4 cxd4 6.Nxd4 Nc6 7.Nc3 O-O 8.O-O 
Nxd4 9.Qxd4 d6 10.Qd3 Bf5 11.e4 Be6 12.b3 a6 13.Be3 Qa5 14.Bd4 Bd7 15.a4 
Bc6 16.b4 Qxb4 17.a5 Nd7 18.Rfb1 Nc5 19.Qe2 Qxb1+ 20.Rxb1 Bxd4 21.Nd5 Bxd5
22.exd5 e5 1/2-1/2

[Event "2nd GMA World Cup prel  #2"]
[Site "Moscow URS"]
[Date "1989.??.??"]
[Round "5"]
[White "Panno, Oscar"]
[Black "Eingorn, Viacheslav"]
[Result "1/2-1/2"]
[WhiteElo "2495"]
[BlackElo "2570"]
[EventDate "1989.05.??"]
[PlyCount "149"]

1.Nf3 c5 2.c4 b6 3.Nc3 Bb7 4.e4 e6 5.g3 Nf6 6.Qe2 Nc6 7.Bg2 d6 8.O-O Be7 
9.Rd1 e5 10.d3 O-O 11.a3 Re8 12.Rb1 Bc8 13.h3 Bd7 14.Bg5 h5 15.Nd5 Nxd5 
16.exd5 Na5 17.Bxe7 Qxe7 18.Nd2 g6 19.Kh2 Nb7 20.b4 Rac8 21.Rdc1 Kg7 22.h4
Nd8 23.Re1 f6 24.Ne4 f5 25.Ng5 Nf7 26.bxc5 Rxc5 27.d4 Rc7 28.Nxf7 Qxf7 29.
dxe5 Rxe5 30.Qd3 Qf6 31.f4 Rxe1 32.Rxe1 Rc8 33.Kh3 Kf7 34.Re3 Re8 35.Rxe8 
Kxe8 36.Bf1 Kd8 37.Be2 Ba4 38.c5 dxc5 39.Qa6 Qa1 40.Bf3 Qc3 41.Bg2 Bd7 42.
Qxa7 Qf6 43.Bf1 Qd6 44.Bc4 b5 45.Bxb5 Qxd5 46.Kh2 Qd2+ 47.Kh3 Qd5 48.Kh2 
Bxb5 49.Qb6+ Ke7 50.Qxb5 Qa2+ 51.Kh3 Qxa3 52.Qc6 Qe3 53.Qc7+ Kf6 54.Qd6+ 
Kf7 55.Qd7+ Qe7 56.Qd5+ Kg7 57.Kh2 Qc7 58.Qc4 Qc6 59.Qc3+ Kf7 60.Qc4+ Ke7 
61.Kg1 Qd6 62.Qg8 Qe6 63.Qg7+ Kd6 64.Kf2 Kc6 65.Qa1 Qd6 66.Ke3 Qe6+ 67.Kf2
c4 68.Qa6+ Kd5 69.Qa5+ Kd6 70.Qb6+ Ke7 71.Qc7+ Kf6 72.Qd8+ Kg7 73.Qc7+ Kh6
74.Qd8 Kg7 75.Qc7+ 1/2-1/2

[Event "2nd GMA World Cup prel  #2"]
[Site "Moscow URS"]
[Date "1989.??.??"]
[Round "5"]
[White "Makarichev, Sergei"]
[Black "Razuvaev, Yury"]
[Result "0-1"]
[WhiteElo "2500"]
[BlackElo "2550"]
[EventDate "1989.05.??"]
[PlyCount "58"]

1.e4 e5 2.Bc4 Nc6 3.Nc3 Nf6 4.d3 Na5 5.Nge2 Nxc4 6.dxc4 Bc5 7.h3 h6 8.Ng3 
d6 9.O-O Be6 10.Qd3 O-O 11.Bd2 a6 12.a4 c6 13.Rad1 Qe7 14.Kh1 Rad8 15.f4 
exf4 16.Bxf4 Ng4 17.Nf5 Bxf5 18.exf5 Nf2+ 19.Rxf2 Bxf2 20.Ne4 Qh4 21.Qf3 
Be1 22.f6 g5 23.Bh2 Rfe8 24.Nxd6 g4 25.hxg4 Rxd6 26.Rxd6 Bd2 27.Qh3 Qe1+ 
28.Bg1 Be3 29.Qh2 Bxg1 0-1